[Event "Oberliga Bayern 2122"]
[Site "Bayern"]
[Date "2022.06.26"]
[Round "3.1"]
[White "Schuster, Karsten"]
[Black "Heika, Martin"]
[Result "1-0"]
[WhiteElo "2275"]
[BlackElo "2239"]
[PlyCount "83"]
[EventDate "2021.10.24"]
[EventType "team-tourn"]
[EventRounds "9"]
[EventCountry "GER"]
[SourceTitle "EXT 2024"]
[Source "ChessBase"]
[SourceDate "2023.10.10"]
[SourceVersion "1"]
[SourceVersionDate "2023.10.10"]
[SourceQuality "1"]
[WhiteTeam "Groebenzell"]
[BlackTeam "Kareth Lappersdorf"]
[WhiteTeamCountry "GER"]
[BlackTeamCountry "GER"]

1. d4 e6 2. c4 Nf6 3. Nf3 b6 4. a3 Bb7 5. Nc3 d5 6. Bg5 Nbd7 7. cxd5 exd5 8. e3 Be7 9. Rc1 0-0 10. Be2 c5 11. 0-0 Ne4 12. Bxe7 Qxe7 13. dxc5 Nxc3 14. Rxc3 bxc5 15. Qc2 Rfc8 16. Rc1 Rab8 17. Kf1 h6 18. Qf5 g6 19. Qf4 Kg7 20. h4 Qe6 21. b4 cxb4 22. axb4 Rxc3 23. Rxc3 Ba6 24. Qd4+ Nf6 25. Ra3 Bxe2+ 26. Kxe2 a6 27. Ne5 Kh7 28. f3 Nd7 29. Nd3 Qc6 30. Rc3 Qb5 31. Rc7 Re8 32. Kf2 Kg8 33. Nf4 Ne5 34. Nxd5 Re6 35. Nf4 Rc6 36. Re7 Rc2+ 37. Kg3 g5 38. hxg5 hxg5 39. Rxe5 gxf4+ 40. exf4 Qb8 41. Rg5+ Kf8 42. Qh8+ 1-0

[Event "Oberliga Bayern 2122"]
[Site "Bayern"]
[Date "2022.05.08"]
[Round "8.1"]
[White "Heika, Martin"]
[Black "Schmid, Roland"]
[Result "1/2-1/2"]
[WhiteElo "2239"]
[BlackElo "2217"]
[PlyCount "60"]
[EventDate "2021.10.24"]
[EventType "team-tourn"]
[EventRounds "9"]
[EventCountry "GER"]
[SourceTitle "EXT 2024"]
[Source "ChessBase"]
[SourceDate "2023.10.10"]
[SourceVersion "1"]
[SourceVersionDate "2023.10.10"]
[SourceQuality "1"]
[WhiteTeam "Kareth Lappersdorf"]
[BlackTeam "Regensburg Post/Sued"]
[WhiteTeamCountry "GER"]
[BlackTeamCountry "GER"]

1. e4 c5 2. c3 Nf6 3. e5 Nd5 4. d4 cxd4 5. Nf3 Nc6 6. Bc4 Nb6 7. Bb3 d5 8. exd6 Qxd6 9. 0-0 Bf5 10. cxd4 e6 11. Nc3 Be7 12. Qe2 0-0 13. Rd1 Na5 14. Bc2 Bxc2 15. Qxc2 Nc6 16. Qe4 Bf6 17. Bg5 Qe7 18. Bxf6 Qxf6 19. Ne5 Rfc8 20. Rd3 Nxe5 21. dxe5 Qg6 22. Qe2 Rc5 23. Rad1 h6 24. f4 Rc4 25. Rd4 Rac8 26. g3 Rxd4 27. Rxd4 Rc5 28. Qd3 Qxd3 29. Rxd3 Kf8 30. Kf2 Ke7 1/2-1/2

[Event "Oberliga Bayern 2122"]
[Site "Bayern"]
[Date "2022.03.20"]
[Round "4.1"]
[White "Heika, Martin"]
[Black "Kosic, Dragan"]
[Result "1/2-1/2"]
[WhiteElo "2239"]
[BlackElo "2443"]
[PlyCount "72"]
[EventDate "2021.10.24"]
[EventType "team-tourn"]
[EventRounds "9"]
[EventCountry "GER"]
[SourceTitle "EXT 2024"]
[Source "ChessBase"]
[SourceDate "2023.10.10"]
[SourceVersion "1"]
[SourceVersionDate "2023.10.10"]
[SourceQuality "1"]
[WhiteTeam "Kareth Lappersdorf"]
[BlackTeam "Muenchen Suedost"]
[WhiteTeamCountry "GER"]
[BlackTeamCountry "GER"]

1. e4 c5 2. Nf3 Nc6 3. c3 Nf6 4. e5 Nd5 5. d4 cxd4 6. Bc4 e6 7. cxd4 d6 8. 0-0 Be7 9. Qe2 0-0 10. Qe4 Bd7 11. Bd3 f5 12. exf6 Nxf6 13. Qe2 d5 14. Nc3 Bd6 15. Bg5 a6 16. Bh4 Qc7 17. Bg3 Rae8 18. Rad1 Bxg3 19. hxg3 e5 20. dxe5 Nxe5 21. Nxe5 Rxe5 22. Qc2 d4 23. Ne4 Qxc2 24. Nxf6+ Rxf6 25. Bxc2 Re2 26. Bb3+ Be6 27. Bxe6+ Rfxe6 28. Rxd4 Rxb2 29. a4 Ree2 30. Rf4 h6 31. Rc1 Rec2 32. Rxc2 Rxc2 33. Rb4 a5 34. Rxb7 Rc4 35. Ra7 Rxa4 36. f4 Ra1+ 1/2-1/2

[Event "Landesliga Nord 1920"]
[Site "Bayern"]
[Date "2019.10.20"]
[Round "1.1"]
[White "Heika, Martin"]
[Black "Pribyl, Josef"]
[Result "1-0"]
[WhiteElo "2239"]
[BlackElo "2198"]
[PlyCount "127"]
[EventDate "2019.09.29"]
[EventType "team-tourn"]
[EventRounds "9"]
[EventCountry "GER"]
[SourceTitle "EXT 2021"]
[Source "ChessBase"]
[SourceDate "2020.10.23"]
[SourceVersion "1"]
[SourceVersionDate "2020.10.23"]
[SourceQuality "1"]
[WhiteTeam "Kareth Lappersdorf"]
[BlackTeam "Bamberg SC"]
[WhiteTeamCountry "GER"]
[BlackTeamCountry "GER"]

1. e4 d6 2. d4 Nf6 3. Nc3 e5 4. Nf3 Nbd7 5. Bc4 Be7 6. 0-0 0-0 7. a4 c6 8. Ba2 b6 9. Qe2 a6 10. Rd1 Qc7 11. h3 Rb8 12. Nh4 Ne8 13. Nf5 Bf6 14. d5 c5 15. Bc4 Qb7 16. Bd3 Kh8 17. b3 g6 18. Ne3 Be7 19. Bb2 Ndf6 20. Nc4 Nh5 21. Qe3 Neg7 22. Ne2 Qc7 23. g4 Nf6 24. f4 Nd7 25. f5 Qd8 26. Bc1 Rg8 27. Kh2 gxf5 28. exf5 Nf6 29. Be4 Nge8 30. Rg1 Nxe4 31. Qxe4 Nf6 32. Qd3 Bb7 33. Ne3 Qd7 34. c4 b5 35. axb5 axb5 36. cxb5 Ne8 37. Nc3 Bh4 38. Nc4 Bf2 39. Rg2 Bd4 40. Bb2 Nf6 41. Ne3 Ra8 42. Ra4 Rge8 43. Rd2 Qd8 44. Qe2 Nd7 45. Nc4 Nb6 46. Nxb6 Qxb6 47. Qc4 Qd8 48. Ne4 Be3 49. Rd3 Bf4+ 50. Kg2 Rg8 51. Nxc5 Rxa4 52. Qxa4 Qg5 53. Nxb7 Qxf5 54. Rf3 Rxg4+ 55. hxg4 Qxg4+ 56. Kf2 Qh4+ 57. Ke2 Qh2+ 58. Rf2 Qh5+ 59. Rf3 Qh2+ 60. Rf2 Qh5+ 61. Kd3 Qh3+ 62. Kc4 Qc8+ 63. Kb4 Be3 64. Rxf7 1-0

[Event "Oberliga Bayern 1819"]
[Site "Bayern"]
[Date "2019.04.07"]
[Round "9.1"]
[White "Grafl, Florian"]
[Black "Heika, Martin"]
[Result "1/2-1/2"]
[WhiteElo "2345"]
[BlackElo "2375"]
[PlyCount "104"]
[EventDate "2018.10.21"]
[EventType "team-tourn"]
[EventRounds "9"]
[EventCountry "GER"]
[SourceTitle "EXT 2020"]
[Source "ChessBase"]
[SourceDate "2019.10.17"]
[SourceVersion "1"]
[SourceVersionDate "2019.10.17"]
[SourceQuality "1"]
[WhiteTeam "Bayern Muenchen II"]
[BlackTeam "Kareth Lappersdorf"]
[WhiteTeamCountry "GER"]
[BlackTeamCountry "GER"]

1. f4 Nf6 2. Nc3 g6 3. d3 Bg7 4. g3 d6 5. Bg2 c6 6. Nf3 0-0 7. e4 Nbd7 8. 0-0 e5 9. f5 d5 10. Nh4 Nc5 11. Qe1 Re8 12. h3 b5 13. exd5 Nxd5 14. Nxd5 cxd5 15. Qf2 Na4 16. fxg6 fxg6 17. Qf7+ Kh8 18. Qxd5 Qxd5 19. Bxd5 Rb8 20. Be3 Bxh3 21. Rf2 Be6 22. Bc6 Re7 23. c4 e4 24. d4 Nb6 25. cxb5 Bd5 26. Ng2 Bxc6 27. bxc6 Nd5 28. Rd2 Rb6 29. Rc1 Rc7 30. Rc5 Nxe3 31. Nxe3 Rbxc6 32. Rxc6 Rxc6 33. d5 Rc8 34. Kf2 Kg8 35. b3 Bh6 36. Rd4 Rf8+ 37. Ke2 Re8 38. d6 Kf7 39. Nc4 Bg7 40. Rd5 Ke6 41. Rb5 Bd4 42. g4 Rf8 43. Rb7 Rf2+ 44. Ke1 Rf7 45. Rb8 Bc5 46. Re8+ Kd5 47. Re5+ Kd4 48. Ke2 Rd7 49. Re6 Bb4 50. g5 Kd5 51. Re5+ Kd4 52. Re6 Kd5 1/2-1/2

[Event "Oberliga Bayern 1819"]
[Site "Bayern"]
[Date "2018.11.11"]
[Round "2.1"]
[White "Sedlak, Nikola"]
[Black "Heika, Martin"]
[Result "1-0"]
[WhiteElo "2604"]
[BlackElo "2375"]
[PlyCount "59"]
[EventDate "2018.10.21"]
[EventType "team-tourn"]
[EventRounds "9"]
[EventCountry "GER"]
[SourceTitle "EXT 2020"]
[Source "ChessBase"]
[SourceDate "2019.10.17"]
[SourceVersion "1"]
[SourceVersionDate "2019.10.17"]
[SourceQuality "1"]
[WhiteTeam "Deggendorf"]
[BlackTeam "Kareth Lappersdorf"]
[WhiteTeamCountry "GER"]
[BlackTeamCountry "GER"]

1. d4 e6 2. c4 Nf6 3. Nc3 Bb4 4. g3 0-0 5. Bg2 c5 6. Nf3 d6 7. 0-0 Nc6 8. d5 Na5 9. Nd2 Bxc3 10. bxc3 e5 11. e4 b6 12. Re1 Ba6 13. Bf1 Ne8 14. Bd3 Nc7 15. Qe2 Rb8 16. a4 Bc8 17. f4 exf4 18. gxf4 Qh4 19. Nf3 Qg4+ 20. Kh1 Nb3 21. Rg1 Nxc1 22. Qe3 Qh5 23. Raxc1 f6 24. Rg3 Rf7 25. e5 fxe5 26. fxe5 Bf5 27. exd6 Re8 28. Qg5 Qxg5 29. Nxg5 Bxd3 30. Rxd3 1-0

[Event "Oberliga Bayern 1415"]
[Site "Germany"]
[Date "2015.02.22"]
[Round "7.1"]
[White "Loetscher, Roland"]
[Black "Heika, Martin"]
[Result "1-0"]
[WhiteElo "2420"]
[BlackElo "2392"]
[PlyCount "91"]
[EventDate "2014.10.19"]
[EventType "team-tourn"]
[EventRounds "9"]
[EventCountry "GER"]
[SourceTitle "EXT 2016"]
[Source "ChessBase"]
[SourceDate "2015.10.08"]
[SourceVersion "1"]
[SourceVersionDate "2015.10.08"]
[SourceQuality "1"]
[WhiteTeam "Garching"]
[BlackTeam "Kareth Lappersdorf"]
[WhiteTeamCountry "GER"]
[BlackTeamCountry "GER"]

1. d4 Nf6 2. c4 e6 3. g3 d5 4. Bg2 Be7 5. Nf3 0-0 6. 0-0 dxc4 7. Qc2 b5 8. a4 b4 9. Nbd2 c3 10. bxc3 a5 11. Bb2 Bb7 12. Rfc1 Na6 13. cxb4 axb4 14. Nb3 Be4 15. Qc4 Qd5 16. Qxd5 Bxd5 17. Nfd2 Bxg2 18. Kxg2 Rfd8 19. Na5 Nb8 20. Ndb3 Ra7 21. Rc4 Rd5 22. Nc6 Nxc6 23. Rxc6 Kf8 24. f3 Rd6 25. Rc2 Rda6 26. a5 Ke8 27. e4 Kd7 28. Rac1 c6 29. Ra1 Ne8 30. Bc1 Nc7 31. Bd2 Rb7 32. Rc4 Ra8 33. Rac1 Ra6 34. Kf2 Nb5 35. Rxb4 Bxb4 36. Bxb4 Raa7 37. Nc5+ Kc7 38. Nxb7 Rxb7 39. Bc5 Rb8 40. d5 Rc8 41. dxc6 g6 42. Bb6+ Kd6 43. c7 Nxc7 44. Bxc7+ Rxc7 45. Rxc7 Kxc7 46. Ke3 1-0

[Event "Oberliga Bayern 1415"]
[Site "Germany"]
[Date "2015.02.01"]
[Round "6.1"]
[White "Heika, Martin"]
[Black "Tournier, Mathieu"]
[Result "0-1"]
[WhiteElo "2392"]
[BlackElo "2317"]
[PlyCount "70"]
[EventDate "2014.10.19"]
[EventType "team-tourn"]
[EventRounds "9"]
[EventCountry "GER"]
[SourceTitle "EXT 2016"]
[Source "ChessBase"]
[SourceDate "2015.10.08"]
[SourceVersion "1"]
[SourceVersionDate "2015.10.08"]
[SourceQuality "1"]
[WhiteTeam "Kareth Lappersdorf"]
[BlackTeam "Bayern Muenchen II"]
[WhiteTeamCountry "GER"]
[BlackTeamCountry "GER"]

1. e4 e5 2. Nf3 Nc6 3. d4 exd4 4. Nxd4 Nf6 5. Nxc6 bxc6 6. e5 Qe7 7. Qe2 Nd5 8. c4 Nb6 9. Nc3 Qe6 10. Qe4 d5 11. exd6 cxd6 12. Bd3 f5 13. Qxe6+ Bxe6 14. b3 Be7 15. Be3 Bf6 16. Rc1 0-0 17. Ne2 Nd7 18. Bb1 Nc5 19. 0-0 g6 20. Rfd1 Rfd8 21. Nd4 Bd7 22. Nf3 Be8 23. Bf4 Ne4 24. Re1 d5 25. Be5 Be7 26. Bd3 Kf8 27. cxd5 cxd5 28. Nd4 Kf7 29. Bc7 Bb4 30. Bxd8 Bxe1 31. Bxe4 Rxd8 32. Bxf5 Ba5 33. Bd3 Bb6 34. Nf3 Kf6 35. h4 Bd7 0-1

[Event "Oberliga Bayern 1314"]
[Site "Bayern"]
[Date "2014.03.16"]
[Round "8.1"]
[White "Kosic, Dragan"]
[Black "Heika, Martin"]
[Result "1-0"]
[WhiteElo "2488"]
[BlackElo "2399"]
[PlyCount "57"]
[EventDate "2013.10.13"]
[EventType "team-tourn"]
[EventRounds "9"]
[EventCountry "GER"]
[SourceTitle "EXT 2015"]
[Source "ChessBase"]
[SourceDate "2014.11.20"]
[SourceVersion "1"]
[SourceVersionDate "2014.11.20"]
[SourceQuality "1"]
[WhiteTeam "Muenchen Suedost"]
[BlackTeam "Kareth Lappersdorf"]
[WhiteTeamCountry "GER"]
[BlackTeamCountry "GER"]

1. d4 e6 2. Nf3 Nf6 3. Bg5 c5 4. c3 d5 5. e3 Nbd7 6. Nbd2 Be7 7. Bd3 b6 8. Ne5 Nxe5 9. dxe5 Nd7 10. Bxe7 Qxe7 11. f4 f5 12. exf6 Nxf6 13. Nf3 0-0 14. 0-0 Bb7 15. Qe1 Nd7 16. Qg3 Bc6 17. Rae1 Rad8 18. Ng5 h6 19. Nf3 Rf6 20. h4 Qe8 21. Ne5 Nxe5 22. fxe5 Rxf1+ 23. Rxf1 Rd7 24. Rf6 Kh8 25. Rf4 Kg8 26. Bg6 Qe7 27. Bb1 Qe8 28. Qf2 Rd8 29. Qc2 1-0

[Event "Oberliga Bayern 1314"]
[Site "Bayern"]
[Date "2013.12.15"]
[Round "4.1"]
[White "Wolfsteiner, Helmut"]
[Black "Heika, Martin"]
[Result "1-0"]
[WhiteElo "2340"]
[BlackElo "2399"]
[PlyCount "73"]
[EventDate "2013.10.13"]
[EventType "team-tourn"]
[EventRounds "9"]
[EventCountry "GER"]
[SourceTitle "EXT 2015"]
[Source "ChessBase"]
[SourceDate "2014.11.20"]
[SourceVersion "1"]
[SourceVersionDate "2014.11.20"]
[SourceQuality "1"]
[WhiteTeam "Kriegshaber"]
[BlackTeam "Kareth Lappersdorf"]
[WhiteTeamCountry "GER"]
[BlackTeamCountry "GER"]

1. Nf3 Nf6 2. c4 e6 3. g3 d5 4. d4 Be7 5. Bg2 0-0 6. 0-0 c6 7. Nc3 b6 8. Re1 Bb7 9. cxd5 cxd5 10. Bf4 Nc6 11. Ne5 Nxe5 12. dxe5 Nd7 13. e4 dxe4 14. Nxe4 Bd5 15. Qg4 f5 16. exf6 Nxf6 17. Qe2 Nxe4 18. Bxe4 Bf6 19. Rad1 Qd7 20. Qh5 g6 21. Rxd5 exd5 22. Qxd5+ Qxd5 23. Bxd5+ Kg7 24. Bxa8 Rxa8 25. b3 b5 26. Rc1 g5 27. Be3 a5 28. Rc5 b4 29. Bxg5 Bc3 30. Be3 a4 31. Rc7+ Kg6 32. bxa4 Rd8 33. a5 Rd1+ 34. Kg2 Ra1 35. a6 Rxa2 36. a7 Be5 37. Rb7 1-0

[Event "Landesliga Nord 1213"]
[Site "Bayern"]
[Date "2013.02.03"]
[Round "6.1"]
[White "Mueller, Marcus2222"]
[Black "Heika, Martin"]
[Result "0-1"]
[WhiteElo "2048"]
[BlackElo "2275"]
[PlyCount "100"]
[EventDate "2012.10.14"]
[EventType "team-tourn"]
[EventRounds "9"]
[EventCountry "GER"]
[SourceTitle "EXT 2015"]
[Source "ChessBase"]
[SourceDate "2014.11.20"]
[SourceVersion "1"]
[SourceVersionDate "2014.11.20"]
[SourceQuality "1"]
[WhiteTeam "Zirndorf"]
[BlackTeam "Kareth Lappersdorf"]
[WhiteTeamCountry "GER"]
[BlackTeamCountry "GER"]

1. d4 Nf6 2. c4 e6 3. Nc3 Bb4 4. e3 0-0 5. Bd3 c5 6. Nf3 d6 7. 0-0 Nc6 8. a3 Bxc3 9. bxc3 e5 10. Nd2 exd4 11. cxd4 cxd4 12. e4 Ng4 13. Nb3 Be6 14. Be2 Nge5 15. Nxd4 Bxc4 16. Nf5 Ne7 17. Ng3 Rc8 18. Be3 a6 19. f4 Bxe2 20. Qxe2 Nc4 21. Bd4 Qd7 22. Nh5 f6 23. Rf3 Qe8 24. Rg3 Nf5 25. Qg4 Qxe4 26. Nxf6+ Rxf6 27. Bxf6 Rc7 28. Rc3 Rf7 29. Rac1 Nfe3 30. Qe2 Qxf4 31. Bd8 Ng4 32. g3 Qd4+ 33. Kh1 Qd5+ 34. Kg1 Qd4+ 35. Kh1 Nf2+ 36. Kg2 Qd5+ 37. Rf3 Ne5 38. Rcc3 Nfg4 39. Be7 Rxf3 40. Rxf3 Nxh2 41. Kxh2 Nxf3+ 42. Kh1 Nd4+ 43. Qg2 Qh5+ 44. Bh4 Qd1+ 45. Kh2 Nf3+ 46. Kh3 g5 47. Qa2+ d5 48. Qb2 h5 49. Kg2 gxh4 50. Qf6 Qg1+ 0-1

[Event "Landesliga Nord 1213"]
[Site "Bayern"]
[Date "2012.12.09"]
[Round "4.1"]
[White "Van Ginkel, Pieter"]
[Black "Heika, Martin"]
[Result "1-0"]
[WhiteElo "2130"]
[BlackElo "2275"]
[PlyCount "89"]
[EventDate "2012.10.14"]
[EventType "team-tourn"]
[EventRounds "9"]
[EventCountry "GER"]
[SourceTitle "EXT 2015"]
[Source "ChessBase"]
[SourceDate "2014.11.20"]
[SourceVersion "1"]
[SourceVersionDate "2014.11.20"]
[SourceQuality "1"]
[WhiteTeam "Nuernberg Sued SW"]
[BlackTeam "Kareth Lappersdorf"]
[WhiteTeamCountry "GER"]
[BlackTeamCountry "GER"]

1. c4 e6 2. g3 Nf6 3. Bg2 d5 4. Nf3 Be7 5. 0-0 0-0 6. d4 dxc4 7. Qc2 c5 8. Rd1 Nc6 9. dxc5 Qa5 10. Na3 Qxc5 11. Be3 Qh5 12. Nxc4 e5 13. Qb3 Be6 14. Qxb7 Bxc4 15. Qxc6 Bxe2 16. Rd2 Bxf3 17. Qxf3 Qxf3 18. Bxf3 e4 19. Be2 Rfc8 20. Ba6 Rc7 21. Bf4 Rc5 22. b4 Rd5 23. Rc2 Rad8 24. a3 Ng4 25. Kg2 g5 26. Bc7 Rf8 27. Bb7 Rd4 28. h3 Nf6 29. b5 Rd3 30. a4 Nd5 31. Bxd5 Rxd5 32. Rb1 Bd8 33. a5 Bxc7 34. Rxc7 Rb8 35. b6 axb6 36. axb6 Kg7 37. b7 Rdd8 38. Re1 Rd4 39. Rb1 Rdd8 40. Rb4 Re8 41. Rd4 h5 42. Rdd7 Rf8 43. Re7 Rbd8 44. Rxe4 Rb8 45. Re5 1-0

[Event "Regionalliga NO 1112"]
[Site "Bayern"]
[Date "2012.02.26"]
[Round "7.1"]
[White "Heika, Martin"]
[Black "Leopold, Christian"]
[Result "1-0"]
[WhiteElo "2335"]
[BlackElo "1984"]
[PlyCount "53"]
[EventDate "2011.10.02"]
[EventType "team-tourn"]
[EventRounds "9"]
[EventCountry "GER"]
[SourceTitle "EXT 2015"]
[Source "ChessBase"]
[SourceDate "2014.11.20"]
[SourceVersion "1"]
[SourceVersionDate "2014.11.20"]
[SourceQuality "1"]
[WhiteTeam "Kareth Lappersdorf"]
[BlackTeam "Lauf"]
[WhiteTeamCountry "GER"]
[BlackTeamCountry "GER"]

1. e4 c5 2. Nf3 d6 3. d4 cxd4 4. Nxd4 Nf6 5. Nc3 a6 6. f3 e6 7. Be3 b5 8. g4 h6 9. Qd2 b4 10. Nce2 e5 11. Nf5 d5 12. 0-0-0 Be6 13. exd5 Qxd5 14. Qxd5 Bxd5 15. Bg2 Nbd7 16. Rhg1 Rc8 17. f4 Be4 18. Bxe4 Nxe4 19. fxe5 Nxe5 20. Bf4 Nf3 21. Rgf1 Nfg5 22. Ned4 Ne6 23. Rfe1 N4c5 24. Nd6+ Bxd6 25. Bxd6 a5 26. Nf5 Rg8 27. Ne7 1-0

[Event "Regionalliga NO 1112"]
[Site "Bayern"]
[Date "2011.10.02"]
[Round "1.1"]
[White "Roeder, Gerd"]
[Black "Heika, Martin"]
[Result "0-1"]
[WhiteElo "2095"]
[BlackElo "2335"]
[PlyCount "116"]
[EventDate "2011.10.02"]
[EventType "team-tourn"]
[EventRounds "9"]
[EventCountry "GER"]
[SourceTitle "EXT 2013"]
[Source "ChessBase"]
[SourceDate "2012.11.22"]
[SourceVersion "1"]
[SourceVersionDate "2012.11.22"]
[SourceQuality "1"]
[WhiteTeam "Altensittenbach"]
[BlackTeam "Kareth Lappersdorf"]
[WhiteTeamCountry "GER"]
[BlackTeamCountry "GER"]

1. e4 e6 2. d4 d5 3. Nd2 Nf6 4. e5 Nfd7 5. Bd3 c5 6. c3 Nc6 7. Ne2 cxd4 8. cxd4 f6 9. exf6 Nxf6 10. Nf3 Bd6 11. 0-0 Qc7 12. Bg5 0-0 13. Bh4 Nh5 14. Qc2 h6 15. Bg6 Rxf3 16. gxf3 Bxh2+ 17. Kg2 Nf4+ 18. Nxf4 Qxf4 19. Bg3 Bxg3 20. fxg3 Qf6 21. Be8 Nxd4 22. Qg6 e5 23. Qxf6 gxf6 24. Rac1 Bf5 25. Ba4 b5 26. Bb3 Rd8 27. Rc7 a5 28. Rh1 e4 29. Rxh6 e3 30. Rxf6 a4 31. Bd1 Bd3 32. Rc3 e2 33. Rxd3 e1N+ 34. Kf2 Nxd3+ 35. Ke3 Nxb2 36. Kxd4 Nxd1 37. Rb6 Rc8 38. Rxb5 Nc3 39. Rb4 a3 40. Rb3 Rc4+ 41. Ke5 d4 42. Rxa3 Rc8 43. Rb3 d3 44. Rb2 Rd8 45. Rd2 Nb1 46. Rd1 d2 47. Rxb1 d1Q 48. Rxd1 Rxd1 49. g4 Kg7 50. f4 Ra1 51. f5 Rxa2 52. g5 Re2+ 53. Kd6 Kf7 54. Kd5 Rg2 55. g6+ Kf6 56. Ke4 Rg4+ 57. Kf3 Kxf5 58. g7 Rxg7 0-1